| 000 -LEADER |
| fixed length control field |
00327nam a2200133Ia 4500 |
| 008 - FIXED-LENGTH DATA ELEMENTS--GENERAL INFORMATION |
| fixed length control field |
200302s9999 xx 000 0 und d |
| 082 ## - DEWEY DECIMAL CLASSIFICATION NUMBER |
| Classification number |
726.5 |
| Item number |
SHA |
| 100 ## - MAIN ENTRY--PERSONAL NAME |
| Personal name |
Naresh Shah and Prasad Anaokar |
| 245 ## - TITLE STATEMENT |
| Title |
An Introduction to Predesign |
| 260 ## - PUBLICATION, DISTRIBUTION, ETC. (IMPRINT) |
| Name of publisher, distributor, etc |
Council of Architecture |
| 260 ## - PUBLICATION, DISTRIBUTION, ETC. (IMPRINT) |
| Date of publication, distribution, etc |
2015 |
| 300 ## - PHYSICAL DESCRIPTION |
| Extent |
119 |
| 942 ## - ADDED ENTRY ELEMENTS (KOHA) |
| Source of classification or shelving scheme |
|